000 00511nam a2200193Ia 4500
003 OSt
005 20250128135051.0
008 210716s1973 xx 000 0 und d
020 _a0671665871
040 _cAIMIT LIBRARY
041 _aeng
082 _a808.83
_21
_bSTED
100 _aSteel, Danielle.
_9195848
245 _aGoing home /
_cBy Danielle Steel.
250 _a1st ed.
260 _aNew York :
_bPocket Books ;
_c1973.
300 _a274p. ;
_bPB
_c17 cm.
942 _2ddc
_cBK
_e1st ed.
_k808.83 STED
999 _c200108
_d200108